Labour Migration in the Slovak Republic and Its Main Consequences
Pohľad na pracovnú migráciu a dopad cudzincov na slovenský trh práce. Hlavné skupiny legálnych zahraničných pracovníkov v Slovenskej republike. Vzájomný vzťah medzi prisťahovalectvom za prácou a mzdovou sadzbou v Slovenskej republike. Vzťah medzi pracovnou imigráciou a mierou nezamestnanosti. Dopad...
Salvato in:
| Autore principale: | |
|---|---|
| Natura: | Capitolo di libro |
| Lingua: | inglese |
| Soggetti: | |
| Tags: |
Nessun Tag, puoi essere il primo ad aggiungerne!!
|
MARC
| LEADER | 00000naa$a2200000$$$4500 | ||
|---|---|---|---|
| 001 | 0272514 | ||
| 005 | 20240502074308.4 | ||
| 041 | 0 | |a eng | |
| 044 | |a SK | ||
| 245 | 1 | 0 | |a Labour Migration in the Slovak Republic and Its Main Consequences |c Zuzana Beňová |
| 520 | |a Pohľad na pracovnú migráciu a dopad cudzincov na slovenský trh práce. Hlavné skupiny legálnych zahraničných pracovníkov v Slovenskej republike. Vzájomný vzťah medzi prisťahovalectvom za prácou a mzdovou sadzbou v Slovenskej republike. Vzťah medzi pracovnou imigráciou a mierou nezamestnanosti. Dopad COVID-19 na prisťahovalectvo za prácou v Slovenskej republike. | ||
| 610 | 2 | 0 | |a migrácia |
| 610 | 2 | 0 | |a mzdy |
| 610 | 2 | 0 | |a nezamestnanosť |
| 610 | 2 | 0 | |a práca |
| 610 | 2 | 0 | |a koronavírus |
| 610 | 2 | 0 | |a Slovensko |
| 100 | 1 | |a Beňová, Zuzana, 1996- | |